Geography Quiz

Random Geography or City Quiz

North American Landmark by City III Quiz Stats

Quiz not verified by Sporcle

Challenge
Share
Tweet
Photobucket
Score 0/25 Timer 07:00
0 Plays Today
# City % Correct
7New York
90.9%
2Las Vegas
88.1%
8Los Angeles
85.3%
10Washington
83.9%
4New Orleans
70.6%
13Boston
60.1%
5Boise
46.9%
3San Francisco
46.2%
21Atlanta
39.9%
20Chicago
39.2%
1Philadelphia
29.4%
14Mexico City
27.3%
12Pittsburgh
25.2%
# City % Correct
16Honolulu
24.5%
24Montreal
24.5%
19Calgary
23.8%
18Edmonton
21.7%
6Memphis
20.3%
25Toronto
19.6%
9Seattle
13.3%
22Havana
13.3%
15Dallas
11.2%
17Santo Domingo
6.3%
11San Salvador
3.5%
23Monterrey
2.1%

You're not logged in!

Compare scores with friends on all Sporcle quizzes.
Sign Up with Email
OR
Log In

You Might Also Like...

Show Comments

Extras

Top Quizzes Today


Score Distribution

Your Account Isn't Verified!

In order to create a playlist on Sporcle, you need to verify the email address you used during registration. Go to your Sporcle Settings to finish the process.

Report this User

Report this user for behavior that violates our Community Guidelines.

Details: